Can you name the 80s Song based on the Lyrics? #2 - Statistics

General Stats
  • This quiz has been taken 34 times
  • The average score is 7 of 15
Answer Stats
Hint Answer % Correct
Every game you playEvery night you stay I'll be watching you Every Breath You Take
90%
It's gonna take a lot to drag me away from youThere's nothin' that a hundred men or more could ever do Africa
77%
Turn around, bright eyesEvery now and then I fall apart Total Eclipse of the Heart
77%
Looking like a true survivor, feeling like a little kid I'm Still Standing
71%
It looks like love has finally found meIn my life, there's been heartache and pain I Want to Know What Love Is
58%
Strangers waitin' up and down the boulevardTheir shadows searchin' in the night Don't Stop Believin'
55%
Baby, you're all that I wantWhen you're lyin' here in my arms Heaven
55%
She calls out to the man on the streetSir, can you help me? Another Day in Paradise
45%
She said I am the oneWho will dance on the floor in the round Billie Jean
45%
Sleight of hand and twist of fateOn a bed of nails she makes me wait With Or Without You
39%
I got a plan to get us out of hereI been working at the convenience store Fast Car
32%
Can you hear me callin' out your name?You know that I'm fallin' and I don't know what to say Everywhere
16%
I keep looking for something I can't getBroken hearts lie all around me (I Just) Died In Your Arms
13%
I wasn't jealous before we metNow, every woman I see is a potential threat Lay All Your Love On Me
13%
I would say I'm sorry if I thought that it would change your mindBut I know that this time Boys Don't Cry
10%
No matching quizzes found
Score Distribution
Percent of People with Each Score
Percentile by Number Answered
Your Score History
You have not taken this quiz